[Event "Guernsey op 46th"]
[Site "St James"]
[Date "2022.10.22"]
[Round "7"]
[White "Kraft, Karl Heinz"]
[Black "Zheng, Harry Z"]
[Result "0-1"]
[WhiteElo "1989"]
[BlackElo "2049"]
[PlyCount "64"]
[EventDate "2022.10.16"]
[EventType "swiss"]
[EventRounds "7"]
[EventCountry "GCI"]
[SourceTitle "EXT 2024"]
[Source "ChessBase"]
[SourceDate "2023.10.10"]
[SourceVersion "1"]
[SourceVersionDate "2023.10.10"]
[SourceQuality "1"]

1. d4 Nf6 2. Nc3 d5 3. Bf4 a6 4. e3 e6 5. f3 c5 6. Nge2 Nc6 7. Qd2 Nh5 8. Bg3 Nxg3 9. hxg3 Bd6 10. 0-0-0 b5 11. dxc5 Bxc5 12. Nd4 Qb6 13. Kb1 Ne5 14. Rh5 Nc4 15. Bxc4 bxc4 16. Na4 Qb4 17. Nxc5 Qxc5 18. Qc3 f6 19. Ne2 e5 20. Rh4 0-0 21. Qd2 Be6 22. Rdh1 Bf5 23. Rd1 Rfd8 24. Nc3 Be6 25. Rdh1 h6 26. e4 d4 27. Nd5 c3 28. Nxf6+ Kf7 29. Qc1 cxb2 30. Qd2 Qa3 31. Nd5 Rxd5 32. Rxh6 Ra5 0-1

[Event "Guernsey op 42nd"]
[Site "Vale"]
[Date "2016.10.18"]
[Round "3"]
[White "Kraft, Karl Heinz"]
[Black "Sedgwick, David"]
[Result "1/2-1/2"]
[WhiteElo "2044"]
[BlackElo "1970"]
[PlyCount "41"]
[EventDate "2016.10.16"]
[EventType "swiss"]
[EventRounds "7"]
[EventCountry "GCI"]
[SourceTitle "CBM 175 Extra"]
[Source "ChessBase"]
[SourceDate "2016.12.12"]
[SourceVersion "1"]
[SourceVersionDate "2016.12.12"]
[SourceQuality "1"]

1. e4 c5 2. c3 e6 3. d4 d5 4. exd5 exd5 5. Bb5+ Nc6 6. Nf3 cxd4 7. Nxd4 Bd7 8. 0-0 Nf6 9. Re1+ Be7 10. Bxc6 bxc6 11. Qe2 c5 12. Nb3 Be6 13. Bg5 0-0 14. N1d2 Qd6 15. Nf3 Rfe8 16. Ne5 h6 17. Bh4 g5 18. Bg3 Qb6 19. f3 d4 20. Nc4 Qa6 21. Ne5 1/2-1/2

[Event "Guernsey op 42nd"]
[Site "Vale"]
[Date "2016.10.17"]
[Round "2"]
[White "Hillarp Persson, Tiger"]
[Black "Kraft, Karl Heinz"]
[Result "1-0"]
[WhiteElo "2513"]
[BlackElo "2044"]
[PlyCount "77"]
[EventDate "2016.10.16"]
[EventType "swiss"]
[EventRounds "7"]
[EventCountry "GCI"]
[SourceTitle "EXT 2017"]
[Source "ChessBase"]
[SourceDate "2016.10.25"]
[SourceVersion "1"]
[SourceVersionDate "2016.10.25"]
[SourceQuality "1"]

1. d4 f5 2. Nc3 Nf6 3. Bg5 d5 4. e3 Be6 5. Bxf6 exf6 6. h3 Qd7 7. Bb5 Nc6 8. Nge2 a6 9. Ba4 Qf7 10. Nf4 b5 11. Bb3 Ne7 12. 0-0 c6 13. Re1 Kd8 14. e4 fxe4 15. Nxe4 Ng6 16. Ng5 fxg5 17. Nxe6+ Kc8 18. a4 b4 19. Nxg5 Qf5 20. Qg4 Qxg4 21. hxg4 Be7 22. Ne6 Rg8 23. c4 bxc3 24. bxc3 Rb8 25. Bc2 Rb2 26. Bf5 Nh4 27. Nxg7+ Nxf5 28. Nxf5 Bg5 29. Ne7+ Bxe7 30. Rxe7 Rxg4 31. Rae1 Re4 32. R1xe4 dxe4 33. Rxe4 Ra2 34. Rh4 Rxa4 35. Rxh7 Ra1+ 36. Kh2 a5 37. g4 Re1 38. g5 Re6 39. Ra7 1-0

[Event "GER CupT prel4"]
[Site "Wolfenbuettel"]
[Date "2016.01.24"]
[Round "2.3"]
[White "Uksini, Bardhyl"]
[Black "Kraft, Karl Heinz"]
[Result "1-0"]
[WhiteElo "2216"]
[BlackElo "2048"]
[PlyCount "129"]
[EventDate "2016.01.23"]
[EventType "team-k.o."]
[EventRounds "2"]
[EventCountry "GER"]
[SourceTitle "EXT 2017"]
[Source "ChessBase"]
[SourceDate "2016.10.25"]
[SourceVersion "1"]
[SourceVersionDate "2016.10.25"]
[SourceQuality "1"]
[WhiteTeam "Hamburger SK"]
[BlackTeam "Wolfenbuettel"]
[WhiteTeamCountry "GER"]
[BlackTeamCountry "GER"]

1. d4 f5 2. c4 Nf6 3. Nc3 d6 4. g3 g6 5. Bg2 Bg7 6. Nf3 0-0 7. 0-0 Qe8 8. d5 a5 9. Nd4 Na6 10. b3 Bd7 11. Rb1 Nc5 12. Bb2 c6 13. a3 e5 14. dxe6 Bxe6 15. e3 Rd8 16. Qc2 Bc8 17. Ba1 Ng4 18. Qd2 g5 19. h3 Nf6 20. Nce2 a4 21. b4 Nce4 22. Qc2 d5 23. cxd5 Nxd5 24. Nf3 Bxa1 25. Rxa1 g4 26. Nfd4 gxh3 27. Bxh3 Qh5 28. Bg2 Ng5 29. Rfd1 Nh3+ 30. Kf1 Rfe8 31. Nf4 Nhxf4 32. exf4 Be6 33. Nxe6 Rxe6 34. Qxa4 Red6 35. Re1 Qf7 36. Qb3 Qf6 37. Re5 Kg7 38. Rae1 R8d7 39. Qb2 Kg6 40. Bh3 Ne7 41. Qe2 Rd2 42. Qc4 R2d4 43. Qb3 Rd3 44. Qb1 R3d6 45. Kg2 h5 46. Qb3 Rd3 47. Qc4 R3d4 48. Qxd4 Rxd4 49. Rxe7 Rd6 50. R1e5 Qf8 51. Bxf5+ Kf6 52. Re8 Qxe8 53. Rxe8 Kxf5 54. Rh8 Kg6 55. f5+ Kxf5 56. Rxh5+ Ke4 57. Rh7 b6 58. Rc7 Kd4 59. f4 c5 60. bxc5 bxc5 61. Kf3 c4 62. g4 Kd3 63. g5 c3 64. f5 Rd5 65. Kf4 1-0

[Event "Guernsey op 41st"]
[Site "Vale"]
[Date "2015.10.21"]
[Round "4"]
[White "Norman, Kenneth I"]
[Black "Kraft, Karl Heinz"]
[Result "0-1"]
[WhiteElo "2124"]
[BlackElo "2015"]
[PlyCount "52"]
[EventDate "2015.10.18"]
[EventType "swiss"]
[EventRounds "7"]
[EventCountry "GCI"]
[SourceTitle "EXT 2017"]
[Source "ChessBase"]
[SourceDate "2016.10.25"]
[SourceVersion "1"]
[SourceVersionDate "2016.10.25"]
[SourceQuality "1"]

1. Nf3 d6 2. d4 Bg4 3. c4 Nc6 4. d5 Bxf3 5. exf3 Ne5 6. f4 Nd7 7. Nc3 g6 8. g3 Bg7 9. Bd2 Ngf6 10. Bg2 0-0 11. 0-0 a5 12. Re1 Nc5 13. Qc2 Qd7 14. Re2 Rfe8 15. Rae1 c6 16. dxc6 bxc6 17. Na4 Nxa4 18. Qxa4 Ra6 19. Bc3 e6 20. Rd1 Rd8 21. b4 d5 22. b5 cxb5 23. cxb5 Rc8 24. Be5 Raa8 25. Rb2 Ne8 26. Qd4 f6 0-1

[Event "Guernsey op 40th"]
[Site "Vale"]
[Date "2014.10.21"]
[Round "3"]
[White "Kraft, Karl Heinz"]
[Black "Purdon, Colin"]
[Result "1/2-1/2"]
[WhiteElo "2004"]
[BlackElo "2106"]
[PlyCount "94"]
[EventDate "2014.10.19"]
[EventType "swiss"]
[EventRounds "7"]
[EventCountry "GCI"]
[SourceTitle "EXT 2016"]
[Source "ChessBase"]
[SourceDate "2015.10.08"]
[SourceVersion "1"]
[SourceVersionDate "2015.10.08"]
[SourceQuality "1"]

1. e4 Nf6 2. Nc3 d5 3. e5 Nfd7 4. f4 c5 5. Nf3 e6 6. d4 Nc6 7. Be3 Be7 8. Qd2 a6 9. dxc5 Nxc5 10. 0-0-0 Bd7 11. Kb1 Qa5 12. Bd3 0-0-0 13. Nd4 Nxd4 14. Bxd4 Kb8 15. a3 Nxd3 16. Qxd3 Rc8 17. Qe3 Rc6 18. Na2 Rhc8 19. Rd2 Bc5 20. Bxc5 Qxc5 21. Qxc5 Rxc5 22. c3 Rc4 23. Rd4 Ba4 24. Rxc4 Rxc4 25. Rf1 Re4 26. Nc1 f6 27. exf6 gxf6 28. Rf2 Kc7 29. b3 Be8 30. Kc2 Kd6 31. Kd2 d4 32. cxd4 Rxd4+ 33. Ke3 Rd1 34. Rd2+ Rxd2 35. Kxd2 a5 36. Ne2 Bc6 37. g3 e5 38. fxe5+ fxe5 39. Nc3 h5 40. Ke3 Ke6 41. Ne4 Bd5 42. b4 axb4 43. axb4 Kf5 44. Nf2 Bc6 45. Nd1 Kg4 46. Nf2+ Kf5 47. Nd1 Kg4 1/2-1/2